00254nam a2200097Ia 4500008004100000100001700041245004500058260002800103300000800131650001700139191201s2015 xx 000 0 und d aJAIN, Anil K 0aFundamentals of Digital Image Processing aN. DelhibPearsonc2015 a569 aM.Tech (ECE)